Skip to content
VuFind
All Fields
Title
Author
Subject
Call Number
ISBN/ISSN
Tag
Find
Advanced
Ayam jantan & itik jantan
Cite this
Print
Export Record
Export to RefWorks
Export to EndNoteWeb
Export to EndNote
Export to MARC
Ayam jantan & itik jantan
Bibliographic Details
Format:
Book
Holdings
Description
Similar Items
Staff View
MARC
LEADER
00000cam a2200000 7i4500
001
0000009408
002
000010243
005
20000330.0
020
|a
9678402432
090
0
0
|a
JF
|b
KER
245
1
0
|a
Ayam jantan & itik jantan
999
|a
0005934
|b
BUKU
|c
PINJAMAN
|e
PERPUSTAKAAN KOMUNITI PETALING JAYA
Similar Items
Jantan
by: Minahleter
Published: (1991)
Ayam jantan dengan tuannya
by: Salmah Haji Alwi
Published: (2002)
Mengapa ayam jantan berkokok
by: Jamaiah Osman
Published: (2002)
Ayam jantan yang bongkak
Ayam Jantan Pun Berkokok!
by: Noorma Ismail
Published: (2023)